El Retiro, Antioquia / (Registro nro. 182)
[ vista simple ]
| 000 -CABECERA | |
|---|---|
| Campo de control | 01741cam a2200385 a 4500 |
| 005 - FECHA Y HORA DE LA ULTIMA TRANSACCION | |
| Campo de control | 20160205191415.0 |
| 008 - ELEMENTOS DE LONGITUD FIJA—INFORMACION GENERAL | |
| Campo de control | 980728s1995 ck abo gr 000 0 spa d |
| 020 ## - ISBN | |
| ISBN | 9586551962 |
| 040 ## - FUENTE DE CATALOGACIÓN | |
| Agencia catalogadora original | CO-BoPUJ |
| Agencia transcriptora | CO-BoIAVH |
| Agencia Modificadora | CO-BoIAVH |
| 041 0# - IDIOMA | |
| Código de idioma para texto/pista de sonido o título separado | Español |
| 043 ## - GEOGRAPHIC AREA CODE | |
| Geographic area code | s-ck--- |
| 044 ## - PAÍS DE PUBLICACIÓN | |
| País de publicación | Colombia |
| 082 04 - NUMERO DE CLASIFICACION DECIMAL DEWEY | |
| Número de clasificación | 986.126 |
| Número del ítem | L96e |
| 110 2# - ASIENTO PRINCIPAL--NOMBRE CORPORATIVO | |
| Nombre corporativo o de jurisdicción como elemento de entrada | Universidad de Antioquia |
| Unidad subordinad | Instituto de Estudios Regionales |
| 9 (RLIN) | 57215 |
| 245 13 - MENCION DE TITULO | |
| Título | El Retiro, Antioquia / |
| Mención de responsabilidad | Universidad de Antioquia ; coordinador Luz Eugenia Pimienta Restrepo ; Investigadores Margarita María Barrera Gonzales, Alba Doris López Retrepo, Carolina Sánchez Morales; Asesoría académica Hernán Henao Delgado, Lucelly Villegas Villegas |
| 250 ## - MENCION DE EDICION | |
| Mención de edición | Primera edición |
| 260 ## - PUBLICACION, DISTRIBUCION, ETC. (PIE DE IMPRENTA) | |
| Lugar de publicación, distribución, etc. | Medellín : |
| Nombre del editor, distribuidor, etc. | Universidad de Antioquia |
| Fecha de publicación, distribución, etc. | 1995. |
| 300 ## - DESCRIPCION FISICA | |
| Extensión | 180 páginas : |
| Otros detalles físicos | Ilustraciones, mapas, fotografías ; |
| Dimensiones | 21 x 14 cm. |
| 490 0# - MENCION DE SERIE | |
| Mención de serie | Estudios de localidades |
| 504 ## - NOTA DE BIBLIOGRAFIA, ETC. | |
| Nota de bibliografía | Bibliograf�ia: p. 175-180. |
| 650 24 - ASIENTO SECUNDARIO DE MATERIA - TERMINO TEMATICO | |
| Término temático o nombre geográfico como elemento de entrada | Sociología urbana |
| Subdivisión geográfica | El retiro (Antioquia, Colombia) |
| 9 (RLIN) | 57216 |
| 650 #4 - ASIENTO SECUNDARIO DE MATERIA - TERMINO TEMATICO | |
| Término temático o nombre geográfico como elemento de entrada | antioquia |
| 9 (RLIN) | 57217 |
| 650 #4 - ASIENTO SECUNDARIO DE MATERIA - TERMINO TEMATICO | |
| Término temático o nombre geográfico como elemento de entrada | Estudio de comunidad |
| 9 (RLIN) | 47339 |
| 651 #4 - ASIENTO SECUNDARIO DE MATERIA - NOMBRE GEOGRAFICO | |
| Nombre geográfico | El retiro (Antioquia, Colombia) |
| Subdivisión general | Historia |
| 9 (RLIN) | 57218 |
| 700 1# - ASIENTO SECUNDARIO - NOMBRE PERSONAL | |
| Nombre personal | Pimienta Restrepo, Luz Eugenia |
| Término de relación | Coordinador |
| 9 (RLIN) | 6815 |
| 700 1# - ASIENTO SECUNDARIO - NOMBRE PERSONAL | |
| Nombre personal | Villegas Villegas, Lucely |
| Término de relación | Edición |
| 9 (RLIN) | 47273 |
| 700 1# - ASIENTO SECUNDARIO - NOMBRE PERSONAL | |
| Nombre personal | Montoya Guerra, Oscar |
| Término de relación | Edición |
| 9 (RLIN) | 47274 |
| 700 1# - ASIENTO SECUNDARIO - NOMBRE PERSONAL | |
| Nombre personal | Sánchez M, Carolina |
| Término de relación | Fotografía |
| 9 (RLIN) | 47287 |
| 700 1# - ASIENTO SECUNDARIO - NOMBRE PERSONAL | |
| Nombre personal | López, Alba Doris |
| Término de relación | Fotografía |
| 9 (RLIN) | 13477 |
| 700 1# - ASIENTO SECUNDARIO - NOMBRE PERSONAL | |
| Nombre personal | Barrera González, Margarita María |
| Término de relación | Investigador |
| 9 (RLIN) | 6818 |
| 700 1# - ASIENTO SECUNDARIO - NOMBRE PERSONAL | |
| Nombre personal | Henao Delgado, Hernán |
| Fechas asociadas con el nombre | 1945-1999 |
| Término de relación | Asesoría académica |
| 9 (RLIN) | 57219 |
| 700 1# - ASIENTO SECUNDARIO - NOMBRE PERSONAL | |
| Nombre personal | Suarez, Marta |
| Término de relación | Dibujante |
| 9 (RLIN) | 47279 |
| 710 2# - ASIENTO SECUNDARIO - NOMBRE CORPORATIVO | |
| Nombre corporativo o de jurisdicción como elemento de entrada | Corporación Autónoma Regional Rionegro-Nare. CORNARE |
| 9 (RLIN) | 57220 |
| 942 ## - ELEMENTOS ADICIONALES (KOHA) | |
| Sistema de clasificación | Dewey Decimal Classification |
| Tipo de ítem | Libro |
| Withdrawn status | Lost status | Sistema de Clasificación | Damaged status | No para préstamo | Colección | Inventariado | Ubicación Permanente | Ubicación actual | Fecha de adquisición | Fuente de Valor | Valor | Total Checkouts | Número topográfico | Inventario / Código de Barras | Date last seen | Ejemplar | Price effective from | Forma de adquisición | Tipo de material |
|---|---|---|---|---|---|---|---|---|---|---|---|---|---|---|---|---|---|---|---|
| Dewey Decimal Classification | General | Inventariado 2017 | Bogotá | Bogotá | 23/12/1997 | Instituto | 39000.00 | LB-986.126 L96e | 000227 | 04/12/2012 | Ej. 1 | 04/12/2012 | Libro | ||||||
| Dewey Decimal Classification | General | Inventariado 2017 | Bogotá | Bogotá | 24/11/2005 | Instituto | 39000.00 | LB-986.126 L96e | 022374 | 04/12/2012 | Ej. 3 | 04/12/2012 | Libro | ||||||
| Dewey Decimal Classification | General | Inventariado 2017 | Sala Fabio Quevedo | Sala Fabio Quevedo | 23/12/1997 | Instituto | 39000.00 | LB-986.126 L96e | 000228 | 04/12/2012 | Ej. 2 | 04/12/2012 | Donación | Libro |